[Event "aut_chT03"]
[Site "Jenbach"]
[Date "2004.03.20"]
[Round "10"]
[Board "6"]
[White "Pilaj, Herwig"]
[Black "Blaas, Hansjoerg"]
[Result "1-0"]
[WhiteElo "2375"]
[BlackElo "2267"]
[PlyCount "93"]

1.d4 d5 2.Nf3 c6 3.c4 e6 4.Qc2 f5 5.Nc3 Bd6 6.Bg5 Nf6 7.Bxf6 Qxf6 8.cxd5 exd5
9.Nxd5 Qf7 10.Nc3 O-O 11.e3 h6 12.Bd3 Be6 13.O-O Nd7 14.b3 Nb6 15.e4 fxe4
16.Nxe4 Bc7 17.Ne5 Bxe5 18.dxe5 Nd5 19.Nd6 Qe7 20.Qe2 Nf4 21.Qe4 Nxd3 22.Qxd3
Rf4 23.Rae1 Raf8 24.Re4 Qg5 25.Rxf4 Rxf4 26.Qe3 b6 27.g3 Rf8 28.f4 Bh3 29.Re1
Qe7 30.Qe4 Qd7 31.Rc1 c5 32.a3 a5 33.b4 axb4 34.axb4 cxb4 35.Qxb4 Qa7 36.Qd4 Kh8
37.Ra1 Qc7 38.Qc4 Qd7 39.Qb5 Qc7 40.Qc4 Qd7 41.Qe4 Qc7 42.Rd1 Qd7 43.Qd5 Kh7
44.Re1 b5 45.Qb7 Qg4 46.Qe4+ g6 47.e6

[Event "aut_chT03"]
[Site "Jenbach"]
[Date "2004.03.21"]
[Round "11"]
[Board "5"]
[White "Moser, Guenter"]
[Black "Watzka, Horst"]
[Result "1/2-1/2"]
[WhiteElo "2356"]
[BlackElo "2338"]
[PlyCount "24"]

1.d4 d6 2.Nf3 g6 3.g3 Bg7 4.Bg2 Nf6 5.O-O O-O 6.c4 c6 7.b3 a6 8.Bb2 b5 9.Nbd2
Nbd7 10.Rc1 Rb8 11.Qc2 bxc4 12.Nxc4 c5

[Event "aut_chT03"]
[Site "Jenbach"]
[Date "2004.03.21"]
[Round "11"]
[Board "2"]
[White "Beim, Valeri"]
[Black "Hertneck, Gerald"]
[Result "1/2-1/2"]
[WhiteElo "2518"]
[BlackElo "2536"]
[PlyCount "158"]

1.c4 e5 2.Nc3 Nf6 3.Nf3 Nc6 4.e3 Bb4 5.Nd5 e4 6.Ng1 Bd6 7.Ne2 O-O 8.Nec3 Re8
9.d3 exd3 10.Bxd3 Nb4 11.Be2 Nbxd5 12.Nxd5 Nxd5 13.cxd5 c5 14.O-O Rb8 15.Qc2 b5
16.f4 c4 17.e4 Bc5+ 18.Kh1 d6 19.Bf3 Bd7 20.a3 a5 21.Re1 Qf6 22.Bd2 Bd4 23.Rab1
Rec8 24.Bxa5 Qxf4 25.Rf1 Be5 26.g3 Qh6 27.Bd2 g5 28.Rg1 Qg7 29.Rgf1 Re8 30.Bb4
Qh6 31.Kg1 Re7 32.Rbd1 g4 33.Bg2 Qg7 34.Rc1 h5 35.Bc3 Bxc3 36.Qxc3 Qxc3 37.Rxc3
Kg7 38.b3 cxb3 39.Rxb3 Rc8 40.Rfb1 Kf6 41.R1b2 Rc1+ 42.Kf2 Re8 43.Ke3 Rec8
44.Rd2 Ke7 45.Ra2 Re1+ 46.Kf2 Rcc1 47.Rc3 Kf6 48.Rac2 Rxc2+ 49.Rxc2 Ra1 50.Bf1
Rxa3 51.Rc7 Ra2+ 52.Ke3 Be8 53.e5+ dxe5 54.d6 Ke6 55.Re7+ Kxd6 56.Rxe8 Rxh2
57.Rd8+ Ke6 58.Bxb5 Rg2 59.Bc4+ Ke7 60.Rh8 f5 61.Rxh5 Kf6 62.Bb5 Rxg3+ 63.Kf2
Rf3+ 64.Kg2 e4 65.Bd7 e3 66.Bc8 Ke5 67.Rh8 Kf4 68.Rf8 Rf2+ 69.Kg1 Kg3 70.Re8 f4
71.Rg8 Rc2 72.Kf1 Rc1+ 73.Ke2 f3+ 74.Kxe3 Rc3+ 75.Kd2 Rc4 76.Ke3 f2 77.Bxg4
f1=N+ 78.Kd3 Rxg4 79.Rxg4+ Kxg4

[Event "aut_chT03"]
[Site "Jenbach"]
[Date "2004.03.21"]
[Round "11"]
[Board "3"]
[White "Zelcic, Robert"]
[Black "Balinov, Ilia"]
[Result "1/2-1/2"]
[WhiteElo "2524"]
[BlackElo "2398"]
[PlyCount "90"]

1.e4 c6 2.d4 d5 3.Nc3 h6 4.Nf3 Nf6 5.Bd3 dxe4 6.Nxe4 Nxe4 7.Bxe4 Bf5 8.Bxf5 Qa5+
9.c3 Qxf5 10.Qb3 b6 11.O-O e6 12.c4 Bd6 13.a4 O-O 14.a5 Nd7 15.axb6 axb6 16.Be3
b5 17.Rac1 Rfb8 18.Qc3 Nf6 19.b3 Ra2 20.Qe1 Ng4 21.Bd2 bxc4 22.h3 Nf6 23.bxc4
Ne4 24.Nh4 Qh7 25.Be3 Ng5 26.Ra1 Rab2 27.Qa5 Qe4 28.Bxg5 hxg5 29.Nf3 g4 30.hxg4
Qxg4 31.Qa4 c5 32.Qd7 Qf4 33.Ra6 Rxf2 34.Qxd6 Rxf1+ 35.Kxf1 Rb1+ 36.Ke2 Rb2+
37.Kd3 Qf5+ 38.Ke3 Rb3+ 39.Kf2 Rb2+ 40.Ke3 Rb3+ 41.Kf2 Rb2+ 42.Kg1 Qb1+ 43.Kh2
Qh7+ 44.Kg1 Qb1+ 45.Kh2 Qh7+

[Event "aut_chT03"]
[Site "Jenbach"]
[Date "2004.03.21"]
[Round "11"]
[Board "4"]
[White "Mahdy, Khaled"]
[Black "Danner, Georg"]
[Result "1-0"]
[WhiteElo "2418"]
[BlackElo "2393"]
[PlyCount "81"]

1.e4 c5 2.Nf3 d6 3.c3 Nf6 4.Be2 g6 5.O-O Bg7 6.Bb5+ Bd7 7.Bxd7+ Qxd7 8.Re1 Nc6
9.d4 cxd4 10.cxd4 d5 11.e5 Ne4 12.Nbd2 Nxd2 13.Bxd2 O-O 14.Bf4 e6 15.Qd2 f6
16.Re2 fxe5 17.Nxe5 Nxe5 18.Bxe5 Rac8 19.Rae1 Rc6 20.h4 Qf7 21.Bxg7 Kxg7 22.Re3
h5 23.Rc3 Rxc3 24.bxc3 Qe7 25.Re3 Rf6 26.Qe2 Qd6 27.Qb2 b6 28.Qe2 a5 29.g3 Qc6
30.Qb2 b5 31.Qa3 Qc7 32.Kg2 Kf7 33.Re2 Qc4 34.Rb2 Qd3 35.Qxa5 Qe4+ 36.Kh2 Rf3
37.Qxb5 Rxc3 38.Qd7+ Kf6 39.Rb8 Kf5 40.Rf8+ Kg4 41.Qxe6+

[Event "aut_chT03"]
[Site "Jenbach"]
[Date "2004.03.21"]
[Round "11"]
[Board "6"]
[White "Wukits, Rene"]
[Black "Huber, David"]
[Result "1-0"]
[WhiteElo "2301"]
[BlackElo "2126"]
[PlyCount "62"]

1.e4 Nc6 2.Nf3 f5 3.exf5 d5 4.Nh4 e5 5.Qh5+ g6 6.fxg6 Nf6 7.g7+ Nxh5 8.gxh8=Q
Qxh4 9.Qxh7 Nd4 10.Nc3 Bf5 11.Qxc7 Nxc2+ 12.Kd1 Bg7 13.Bb5+ Kf8 14.Qc5+ Kg8
15.g3 Qd4 16.Qxd5+ Qxd5 17.Nxd5 Be4 18.Bc4 Bxh1 19.Kxc2 Kh8 20.Nc3 Rf8 21.Be2 e4
22.Bxh5 Rxf2 23.h3 Bh6 24.Kb3 Rf1 25.Bg6 Re1 26.d3 exd3 27.Bxh6 Rxa1 28.Bxd3 Bc6
29.Bb1 Bd5+ 30.Kc2 Bf7 31.b3 b5

[Event "aut_chT03"]
[Site "Jenbach"]
[Date "2004.03.21"]
[Round "11"]
[Board "1"]
[White "Tischbierek, Raj"]
[Black "Mueller, Karsten"]
[Result "1/2-1/2"]
[WhiteElo "2507"]
[BlackElo "2517"]
[PlyCount "21"]

1.d4 d5 2.Nf3 Nf6 3.c4 c6 4.cxd5 cxd5 5.Nc3 Nc6 6.Bf4 e6 7.e3 Be7 8.Bd3 O-O
9.Ne5 Bd7 10.O-O Rc8 11.Rc1

[Event "aut_chT03"]
[Site "Jenbach"]
[Date "2004.03.21"]
[Round "11"]
[Board "4"]
[White "Kotz, Heinz Peter"]
[Black "Miniboeck, Guenter"]
[Result "1/2-1/2"]
[WhiteElo "2350"]
[BlackElo "2333"]
[PlyCount "45"]

1.e4 c5 2.Nf3 d6 3.d4 cxd4 4.Nxd4 Nf6 5.Nc3 a6 6.Bc4 e6 7.Bb3 b5 8.O-O Be7 9.Qf3
Qb6 10.Be3 Qb7 11.Qg3 b4 12.Na4 Nbd7 13.f3 O-O 14.c3 bxc3 15.Nxc3 Nc5 16.Rfd1
Kh8 17.Rac1 Nxb3 18.Nxb3 Bd7 19.e5 dxe5 20.Nc5 Bxc5 21.Bxc5 Rfc8 22.Qxe5 Bc6
23.Bd4

[Event "aut_chT03"]
[Site "Jenbach"]
[Date "2004.03.21"]
[Round "11"]
[Board "1"]
[White "Gustafsson, Jan"]
[Black "Wells, Peter"]
[Result "1/2-1/2"]
[WhiteElo "2572"]
[BlackElo "2493"]
[PlyCount "29"]

1.d4 Nf6 2.c4 e6 3.Nc3 Bb4 4.Nf3 c5 5.g3 cxd4 6.Nxd4 O-O 7.Bg2 d5 8.cxd5 Nxd5
9.Qb3 Qa5 10.Bd2 Nc6 11.Nxc6 bxc6 12.O-O Bxc3 13.Bxc3 Nxc3 14.bxc3 Ba6 15.Qb4

[Event "aut_chT03"]
[Site "Jenbach"]
[Date "2004.03.21"]
[Round "11"]
[Board "2"]
[White "Rabiega, Robert"]
[Black "Atlas, Valery"]
[Result "1/2-1/2"]
[WhiteElo "2527"]
[BlackElo "2471"]
[PlyCount "25"]

1.e4 c5 2.Nf3 d6 3.Bc4 e6 4.O-O a6 5.Bb3 Nf6 6.Re1 Be7 7.c3 b5 8.d3 Bb7 9.Nbd2
O-O 10.Bc2 Nbd7 11.Nf1 Re8 12.Ng3 Bf8 13.h3

[Event "aut_chT03"]
[Site "Jenbach"]
[Date "2004.03.21"]
[Round "11"]
[Board "5"]
[White "Novkovic, Milan"]
[Black "Frosch, Erich"]
[Result "1/2-1/2"]
[WhiteElo "2371"]
[BlackElo "2341"]
[PlyCount "20"]

1.Nf3 Nf6 2.c4 g6 3.Nc3 Bg7 4.d4 d6 5.Bg5 O-O 6.e3 Nbd7 7.Qc2 c5 8.Be2 b6 9.Rd1
Bb7 10.d5 a6

[Event "aut_chT03"]
[Site "Jenbach"]
[Date "2004.03.21"]
[Round "11"]
[Board "1"]
[White "Volkmann, Friedrich Karl"]
[Black "Pinter, Jozsef"]
[Result "1/2-1/2"]
[WhiteElo "2457"]
[BlackElo "2501"]
[PlyCount "25"]

1.e4 e5 2.Nf3 Nc6 3.Nc3 Nf6 4.Bb5 Nd4 5.Ba4 c6 6.Nxe5 d6 7.Nf3 Bg4 8.d3 Nd7
9.Be3 Nxf3+ 10.gxf3 Bh5 11.d4 Qf6 12.Rg1 Qxf3 13.Qxf3

[Event "aut_chT03"]
[Site "Jenbach"]
[Date "2004.03.21"]
[Round "11"]
[Board "2"]
[White "Schenk, Andreas"]
[Black "Schroll, Gerhard"]
[Result "1/2-1/2"]
[WhiteElo "2499"]
[BlackElo "2404"]
[PlyCount "35"]

1.d4 Nf6 2.c4 e6 3.Nc3 Bb4 4.Qc2 c5 5.dxc5 Na6 6.a3 Bxc3+ 7.Qxc3 Nxc5 8.f3 d5
9.cxd5 b6 10.b4 Na4 11.Qc2 Bd7 12.dxe6 fxe6 13.e4 Rc8 14.Qd2 O-O 15.Bd3 Nh5
16.Qg5 Qxg5 17.Bxg5 h6 18.Bd2

[Event "aut_chT03"]
[Site "Jenbach"]
[Date "2004.03.21"]
[Round "11"]
[Board "3"]
[White "Loeffler, Stefan"]
[Black "Fogarasi, Tibor"]
[Result "1/2-1/2"]
[WhiteElo "2413"]
[BlackElo "2477"]
[PlyCount "44"]

1.d4 Nf6 2.c4 c5 3.d5 b5 4.Nf3 Bb7 5.a4 Qa5+ 6.Bd2 b4 7.Bg5 d6 8.e4 Nxe4 9.Bd3
Nf6 10.Bxf6 exf6 11.Qe2+ Kd8 12.O-O Nd7 13.Nbd2 a6 14.Rae1 Kc7 15.Nh4 g6 16.f4
Rd8 17.Nb3 Qb6 18.a5 Qa7 19.Rf3 Bc8 20.Re3 Kb8 21.Nf3 Qc7 22.Qf2 h6

[Event "aut_chT03"]
[Site "Jenbach"]
[Date "2004.03.21"]
[Round "11"]
[Board "4"]
[White "Baumegger, Siegfried"]
[Black "Neulinger, Manfred"]
[Result "1-0"]
[WhiteElo "2374"]
[BlackElo "2323"]
[PlyCount "49"]

1.e4 g6 2.d4 Bg7 3.c4 d6 4.Nc3 Nc6 5.d5 Nd4 6.Be3 c5 7.Nge2 Nxe2 8.Bxe2 Nf6
9.O-O O-O 10.Bg5 h6 11.Bh4 Ne8 12.f4 a6 13.a4 b6 14.Bd3 Qc7 15.Qe2 Bd4+ 16.Kh1
Ng7 17.Rae1 f6 18.e5 Bf5 19.e6 Bxd3 20.Qxd3 Nf5 21.Bf2 Bxf2 22.Rxf2 h5 23.Rg1 h4
24.g4 hxg3 25.Qxf5

[Event "aut_chT03"]
[Site "Jenbach"]
[Date "2004.03.21"]
[Round "11"]
[Board "5"]
[White "Roth, Peter"]
[Black "Kuba, Guenter"]
[Result "1/2-1/2"]
[WhiteElo "2301"]
[BlackElo "2339"]
[PlyCount "38"]

1.e4 e5 2.Nf3 Nc6 3.d4 exd4 4.Nxd4 Bc5 5.Be3 Qf6 6.c3 Nge7 7.Bc4 Ne5 8.Be2 Qg6
9.O-O d6 10.Bh5 Qxe4 11.Nd2 Qh4 12.f4 Ng4 13.Bxg4 Qxg4 14.Qe1 O-O 15.Nb5 Bxe3+
16.Qxe3 Qd7 17.Nxa7 Nd5 18.Qf2 Qa4 19.Nxc8 Rfxc8

[Event "aut_chT03"]
[Site "Jenbach"]
[Date "2004.03.21"]
[Round "11"]
[Board "2"]
[White "Schlosser, Philipp"]
[Black "Babula, Vlastimil"]
[Result "1-0"]
[WhiteElo "2560"]
[BlackElo "2594"]
[PlyCount "133"]

1.d4 Nf6 2.c4 g6 3.g3 Bg7 4.Bg2 O-O 5.Nc3 d6 6.e3 e5 7.Nge2 c6 8.h3 h5 9.O-O Re8
10.e4 Nbd7 11.Rb1 exd4 12.Nxd4 Nc5 13.Re1 a5 14.b3 h4 15.g4 d5 16.exd5 Rxe1+
17.Qxe1 cxd5 18.Be3 dxc4 19.bxc4 Bd7 20.Ndb5 Qf8 21.Nc7 Rc8 22.N3d5 Nxd5 23.Nxd5
Nd3 24.Qxa5 Ne5 25.Rxb7 Nxc4 26.Qe1 Qe8 27.Bd2 Nxd2 28.Qxd2 Rd8 29.Qb4 Be6
30.Qb5 Qxb5 31.Rxb5 Bd4 32.a4 Kg7 33.Nc7 Bd7 34.Rd5 Bb6 35.Nb5 Bxb5 36.Rxb5 Rd1+
37.Bf1 Bd4 38.Rb3 Rd2 39.Rf3 Ra2 40.Rxf7+ Kxf7 41.Bc4+ Kf6 42.Bxa2 g5 43.a5 Ke5
44.Kg2 Kf4 45.a6 Ba7 46.Bd5 Bb6 47.Bb7 Ba7 48.Kf1 Bb6 49.Ke2 Ba7 50.Bg2 Bb6
51.Bc6 Ba7 52.Bh1 Bb6 53.Bg2 Ba7 54.Ba8 Bb6 55.f3 Ba7 56.Be4 Bb6 57.Kd3 Ba7
58.Kc4 Bg1 59.Kd5 Bf2 60.Kc6 Kg3 61.Kb7 Kxh3 62.f4 Kxg4 63.f5 Kh5 64.f6 Kh6
65.Kc7 g4 66.Kd7 h3 67.f7

[Event "aut_chT03"]
[Site "Jenbach"]
[Date "2004.03.21"]
[Round "11"]
[Board "4"]
[White "Weinzettl, Ernst"]
[Black "Farago, Ivan"]
[Result "1-0"]
[WhiteElo "2343"]
[BlackElo "2506"]
[PlyCount "61"]

1.e4 e6 2.d4 d5 3.Nd2 Nf6 4.e5 Nfd7 5.Ngf3 c5 6.c3 Nc6 7.Bd3 Qb6 8.O-O g6 9.Re1
Bg7 10.b3 cxd4 11.cxd4 Nxd4 12.Ba3 Nc6 13.Bd6 Bf8 14.Bxf8 Kxf8 15.h4 Nc5 16.Nf1
Bd7 17.h5 Qb4 18.Rc1 b6 19.Ng3 Qf4 20.Bb5 a5 21.Bxc6 Bxc6 22.Nd4 Bd7 23.Rc3 Ke7
24.Rf3 Qg5 25.Rf6 Rag8 26.h6 Qxh6 27.Ndf5+ exf5 28.Qxd5 Qf8 29.Rd1 Rg7 30.Rxb6
Qc8 31.Qd6+

[Event "aut_chT03"]
[Site "Jenbach"]
[Date "2004.03.21"]
[Round "11"]
[Board "6"]
[White "Blaas, Hansjoerg"]
[Black "Knoll, Hermann"]
[Result "0-1"]
[WhiteElo "2267"]
[BlackElo "2393"]
[PlyCount "86"]

1.e4 e5 2.Bc4 Nf6 3.d4 exd4 4.Nf3 Nc6 5.O-O Nxe4 6.Re1 d5 7.Bxd5 Qxd5 8.Nc3 Qh5
9.Nxe4 Be6 10.Neg5 O-O-O 11.Nxe6 fxe6 12.Rxe6 Bd6 13.h3 Ne5 14.Bd2 Nxf3+ 15.Qxf3
Qxf3 16.gxf3 Rhf8 17.Kg2 Rf7 18.Rae1 Rdf8 19.Re8+ Rxe8 20.Rxe8+ Kd7 21.Re4 c5
22.c3 dxc3 23.Bxc3 b5 24.a3 Kc6 25.h4 g6 26.b3 Kd5 27.b4 Re7 28.bxc5 Bxc5 29.Bb4
Bxb4 30.Rxb4 Rb7 31.Kg3 a5 32.Rb1 b4 33.axb4 axb4 34.f4 b3 35.Kg4 Ke6 36.Rb2 Kf6
37.Kg3 h5 38.Kf3 Kf5 39.Ke3 Rb4 40.f3 Rb6 41.Kf2 Kxf4 42.Kg2 Ke3 43.Kg3 Rb4